000 00683nam a2200193 i 4500
001 164043
003 ES-MaACL
005 20250809005947.0
008 980713q18901900sp |||| | spa d
040 _aAS
_bspa
_cAS
100 1 _aRovira y Rabassa, Antonio.
_9100161
245 1 3 _aEl hierro, sus cortes y enlaces /
_cpor Antonio Rovira y Rabassa.
260 _aBarcelona :
_bLibrería de Ribó y Marín,
_c[189-?] (
_fImprenta de la Casa P. de Caridad)
300 _a2 v. :
_bil. ;
_c28, 27 cm.
505 8 _aContiene: texto (568, VI p.) - Atlas (36 h. de lám.)
650 7 _aHierro
_2embne
_9136226
852 _aES-MaACL
_jG-6048-49
_z-- Enc. hol.
999 _c164043
_d164043